Measurement and contractors conference, 1 February 1994. (Record no. 92070)

MARC details
000 -LEADER
fixed length control field 01027cam a2200253 4500
001 - CONTROL NUMBER
control field J2092
008 - FIXED-LENGTH DATA ELEMENTS--GENERAL INFORMATION
fixed length control field 090401t1994 xxu||||| |||| 00| 0 eng d
035 ## - SYSTEM CONTROL NUMBER
System control number (Sirsi) u47097
041 ## - LANGUAGE CODE
Language code of text/sound track or separate title eng
050 ## - LIBRARY OF CONGRESS CALL NUMBER
Classification number 692.3
110 ## - MAIN ENTRY--CORPORATE NAME
Corporate name or jurisdiction name as entry element Nottingham Trent University
9 (RLIN) 672
245 ## - TITLE STATEMENT
Title Measurement and contractors conference, 1 February 1994.
260 ## - PUBLICATION, DISTRIBUTION, ETC.
Place of publication, distribution, etc. Nottingham
Name of publisher, distributor, etc. Nottingham Trent University
Date of publication, distribution, etc. 1994
300 ## - PHYSICAL DESCRIPTION
Extent 63 leaves ; 30cm.
350 ## - PRICE (NR) (BK AM CF MU VM SE) [OBSOLETE]
Price 7.5
520 ## - SUMMARY, ETC.
Summary, etc. Papers:- Measurement: an area for dispute/ BAYLISS, N. - The estimator`s viewpoint/ RABBETTS, B. - Does CAD measure up to the contractor?/ COOK, M. - Measurement and qualification for the design and construct contractor/ SHAKESHAFT, D. - The evaluation of risk as a measurement technique/ PASQUIRE, C. - Value engineering and bills of quantities/ ARDLEY, A.
650 ## - SUBJECT ADDED ENTRY--TOPICAL TERM
Topical term or geographic name entry element BILLS OF QUANTITIES
650 ## - SUBJECT ADDED ENTRY--TOPICAL TERM
Topical term or geographic name entry element DESIGN AND BUILD
650 ## - SUBJECT ADDED ENTRY--TOPICAL TERM
Topical term or geographic name entry element ESTIMATING
650 ## - SUBJECT ADDED ENTRY--TOPICAL TERM
Topical term or geographic name entry element VALUE ENGINEERING
690 ## - LOCAL SUBJECT ADDED ENTRY--TOPICAL TERM (OCLC, RLIN)
Topical term or geographic name as entry element Quantity surveying
9 (RLIN) 6263
942 ## - ADDED ENTRY ELEMENTS (KOHA)
Suppress in OPAC 0
948 ## - LOCAL PROCESSING INFORMATION (OCLC); SERIES PART DESIGNATOR (RLIN)
c (OCLC) 04/03/1997
Holdings
Withdrawn status Lost status Source of classification or shelving scheme Damaged status Not for loan Home library Current library Shelving location Date acquired Cost, normal purchase price Total Checkouts Full call number Barcode Date last seen Date last checked out Copy number Cost, replacement price Price effective from Koha item type
    Dewey Decimal Classification     London London Folio 03/08/1994 7.50 2 F692.3 30042250 06/08/2019 10/05/2001 2 7.50 06/08/2019 Book